Microprocessors for industry (Record no. 38377)

MARC details
000 -LEADER
fixed length control field 00277nam a2200109Ia 4500
082 ## - DEWEY DECIMAL CLASSIFICATION NUMBER
Classification number 681.326.3
Item number BAL
100 ## - MAIN ENTRY--AUTHOR NAME
Personal name Baldwin, J N W
245 #0 - TITLE STATEMENT
Title Microprocessors for industry
260 ## - PUBLICATION, DISTRIBUTION, ETC. (IMPRINT)
Place of publication London
Name of publisher Butterworths
Year of publication 1982
942 ## - ADDED ENTRY ELEMENTS (KOHA)
Koha item type Books
Holdings
Withdrawn status Lost status Damaged status Not for loan Home library Current library Date acquired Cost, normal purchase price Full call number Accession Number Koha item type
        RRII Library RRII Library 16/12/2021 118.50 681.326.3 BAL 18737 Books